000 01531nam a22001337a 4500
999 _c532086
_d532086
008 251211b ||||| |||| 00| 0 eng d
100 _aRanade, V.S.
_958164
245 _aThe lines of fire: A history of cartographic conflictS.
260 _aU.S.I. Journal
300 _a155(641), Jul-Sep, 2025: p.442-453
520 _a This article examines the origins and enduring consequences of cartographic boundaries in the Indian subcontinent, many of which were drawn hastily by the British without consideration of ethnic, cultural, or demographic realities. It highlights how treaties such as Gandamak, Durand, and Sagauli, and lines including the Radcliffe, Johnson, McMahon, Pemberton, and others created lasting disputes that continue to fuel instability. The analysis traces the transformation of these boundaries into contentious frontiers such as the Line of Control, Line of Actual Control, and Actual Ground Position Line, underscoring their role in regional crises with Pakistan, China, Nepal, and Myanmar. The article also emphasises how porous borders have been exploited by non-state actors, intensifying insecurity. While India has strengthened border management through infrastructure and security initiatives, the article argues that only diplomacy, confidencebuilding, and pragmatic cooperation can transform these divisive lines into instruments of peace and shared regional prosperity.- Reproduced https://usiofindia.org/pdf/USI_Journal_July_Sept_2025_Issue.pdf
773 _aU.S.I. Journal
942 _cAR